| 000 | 00577nam a2200229 a 4500 | ||
|---|---|---|---|
| 001 | 35877 | ||
| 003 | AR-BaAGN | ||
| 007 | ta | ||
| 008 | 220625s19uu ag |||||r|||| ||||||spa d | ||
| 020 | _a950-9807-51-6 | ||
| 040 |
_dAR-BaAGN _aAR-BaAGN _bspa _eaacr |
||
| 100 | 1 | _aArredondo, Marcos F. | |
| 245 | 1 | 0 | _aCroquis bonaerenses |
| 260 |
_aBuenos Aires : _bFondo Nacional de las Artes, _c[19--?] |
||
| 300 | _a130 páginas | ||
| 942 | _cLIBRO | ||
| 999 |
_c35877 _d35877 |
||
| 005 | 20230830144939.0 | ||
| 336 |
_2rdacontent _btxt |
||
| 337 |
_2rdamedia _bn |
||
| 338 |
_2rdacarrier _bnc |
||